[Event "Torino dell'Ariete op"]
[Site "Torino"]
[Date "2015.04.23"]
[Round "5"]
[White "De Leon, Voltare Gello"]
[Black "Teofilatto, Stefano"]
[Result "1-0"]
[WhiteElo "1440"]
[BlackElo "1669"]
[PlyCount "47"]
[EventDate "2015.03.26"]
[EventType "swiss"]
[EventRounds "7"]
[EventCountry "ITA"]
[SourceTitle "EXT 2017"]
[Source "ChessBase"]
[SourceDate "2016.10.25"]
[SourceVersion "1"]
[SourceVersionDate "2016.10.25"]
[SourceQuality "1"]

1. e4 d6 2. d4 g6 3. f4 Bg7 4. Nc3 Nd7 5. Nf3 c5 6. Be3 Qb6 7. b3 Ngf6 8. h3 0-0 9. Bc4 Qc7 10. 0-0 a6 11. f5 b5 12. Bd3 Bb7 13. fxg6 hxg6 14. Qd2 b4 15. Ne2 Bxe4 16. Bh6 Bxd3 17. cxd3 cxd4 18. Rac1 Qb6 19. Bxg7 Kxg7 20. Qf4 e5 21. Qg5 Nc5 22. Nh4 Qd8 23. Nf5+ Kh7 24. Qh6+ 1-0

[Event "Torino dell'Ariete op"]
[Site "Torino"]
[Date "2015.04.02"]
[Round "2"]
[White "Ricciardi, Arcangelo"]
[Black "Teofilatto, Stefano"]
[Result "1-0"]
[WhiteElo "1745"]
[BlackElo "1669"]
[PlyCount "61"]
[EventDate "2015.03.26"]
[EventType "swiss"]
[EventRounds "7"]
[EventCountry "ITA"]
[SourceTitle "EXT 2017"]
[Source "ChessBase"]
[SourceDate "2016.10.25"]
[SourceVersion "1"]
[SourceVersionDate "2016.10.25"]
[SourceQuality "1"]

1. e4 d6 2. d4 g6 3. Nf3 Bg7 4. Bc4 e6 5. Bg5 Ne7 6. c3 h6 7. Be3 d5 8. Bd3 dxe4 9. Bxe4 Nd5 10. 0-0 0-0 11. Bd2 Nd7 12. Qc1 Kh7 13. Na3 f5 14. Bd3 b6 15. Nc4 Ba6 16. Re1 Re8 17. Nce5 Bxd3 18. Nxd3 c5 19. dxc5 Nxc5 20. Nxc5 bxc5 21. Ne5 Bxe5 22. Rxe5 Qf6 23. Qe1 c4 24. Qe2 Rac8 25. Re1 Rc6 26. Rxd5 Rb8 27. Rd7+ Kg8 28. Bxh6 Qh4 29. Qe5 Qxh6 30. Qxb8+ Qf8 31. Rd8 1-0

[Event "Torino Province-ch"]
[Site "Torino"]
[Date "2015.03.12"]
[Round "7"]
[White "Teofilatto, Stefano"]
[Black "Liviabella, Lucio"]
[Result "1-0"]
[WhiteElo "1669"]
[BlackElo "1609"]
[PlyCount "73"]
[EventDate "2015.01.29"]
[EventType "swiss"]
[EventRounds "7"]
[EventCountry "ITA"]
[SourceTitle "EXT 2017"]
[Source "ChessBase"]
[SourceDate "2016.10.25"]
[SourceVersion "1"]
[SourceVersionDate "2016.10.25"]
[SourceQuality "1"]

1. d4 Nf6 2. Nf3 g6 3. Bf4 Bg7 4. e3 d6 5. h3 0-0 6. Be2 Bd7 7. 0-0 Nh5 8. Bh2 Qc8 9. c4 Nc6 10. Nc3 a6 11. Rc1 Nd8 12. Ng5 Nf6 13. Nd5 h6 14. Nxe7+ Kh8 15. Nxc8 Rxc8 16. Nf3 Ne6 17. b4 Rg8 18. c5 d5 19. Ne5 Be8 20. c6 bxc6 21. Nxc6 Bf8 22. a4 Ra8 23. b5 axb5 24. Bxb5 Ne4 25. Ne5 Bd6 26. Bxe8 Rgxe8 27. Nxf7+ Kg7 28. Nxd6 cxd6 29. f3 N4g5 30. Bxd6 Nf7 31. Be5+ Kh7 32. f4 g5 33. Qc2+ Kg8 34. Qg6+ Kf8 35. fxg5 Ra7 36. Bd6+ Rae7 37. Qxf7# 1-0